All Spider-Man Enemies in the Movies - Statistics

General Stats
  • This quiz has been taken 322 times
  • The average score is 33 of 44
Answer Stats
Group Hint Actor % Correct
Spider-Man Crazy guy with split personality Willem Dafoe Green Goblin
98%
Spider-Man: No Way Home Iconic laughter Willem Dafoe Green Goblin
98%
Spider-Man Into the Spider-Verse Ultimate edition N/A Green Goblin
97%
Spider-Man 3 Takes over Eddie Brock Topher Grace Venom
97%
Venom Bane? Tom Hardy Venom
97%
Venom: Let There Be Carnage 3rd times a charm I guess... Tom Hardy Venom
97%
Spider-Man 2 "Hello Peter." Alfred Molina Doctor Octopus
95%
Spider-Man Into the Spider-Verse Octavia now? Kathryn Hahn Doctor Octopus
95%
Spider-Man 3 Is good in the end Thomas Haden Church Sandman
90%
Spider-Man: No Way Home Who's ready for the beach? TBD Sandman
90%
The Amazing Spider-Man 2 Blue guy with Flotsum and Jetsom Jaime Foxx Electro
89%
Spider-Man: No Way Home He's yellow this time Jaime Foxx Electro
89%
Captain America: Civil War He's from Brooklyn Chris Evans Captain America
88%
Avengers: Infinity War The Mad Titan Josh Brolin Thanos
88%
Avengers: Endgame The Mad 2014 Titan Josh Brolin Thanos
88%
Captain America: Civil War Magic lady Elizabeth Olsen Scarlet Witch
87%
Captain America: Civil War Metal arm. That's so COOL! Sebastian Stan Winter Soldier
87%
The Amazing Spider-Man Creepy scaly dude who's smart Rhys Ifans Lizard
86%
Captain America: Civil War There's some old film named Empire Paul Rudd Ant-Man
85%
Spider-Man: No Way Home Is it really him? TBD Lizard
85%
Captain America: Civil War He's Cap now. Anthony Mackie Falcon
84%
Captain America: Civil War Not Robin Hood Jeremy Renner Hawkeye
83%
Spider-Man: Homecoming Birdman Michael Keaton Vulture
81%
Morbius I'M BA I mean BIRDMAN! Michael Keaton Vulture
81%
Spider-Man: No Way Home De-aged this time back to 2004 Alfred Molina Doctor Octopus
80%
Spider-Man: Far From Home Quentin Beck Jake Gyllenhaal Mysterio
80%
Venom Creepy cowboy Woody Harrelson Carnage
78%
Venom: Let There Be Carnage Even creepier now Cheers. Woody Harrelsen Carnage
78%
The Amazing Spider-Man 2 Underpants Paul Giamiatti Rhino
75%
Morbius Vampire Joker Jared Leto Morbius
68%
Spider-Man Into the Spider-Verse Also a Daredevil villain Liev Schreiber Kingpin
67%
Spider-Man: Homecoming He's very shocking to Peter lol Bokeem Woodbine Shocker
64%
Spider-Man: Homecoming Miles Morales's uncle Donald Glover Aaron Davis
61%
Spider-Man 3 Dies when he turns good again James Franco Harry Osborn
61%
The Amazing Spider-Man 2 Again. Really? N/A Harry Osborn
61%
Spider-Man Into the Spider-Verse Deadpool but purple and green Mahershala Ali Prowler
61%
Kraven the Hunter Quicksilver but now? How? Aaron Taylor-Johnson Kraven the Hunter
55%
Spider-Man: Homecoming Tattoo of his fav animal Michael Mando Scorpion
53%
Spider-Man Into the Spider-Verse Spanish for some reason now N/A Scorpion
53%
Avengers: Infinity War Above's minions that Peter fights Thomas Vaughn-Lawlor Ebony Maw
42%
Spider-Man: Homecoming Works on projects for main villain N/A The Tinkerer
34%
Avengers: Infinity War Terry Notary Cull Obsidian
31%
Venom: Let There Be Carnage Female baddy N/A Shriek
23%
Spider-Man: Far From Home He's Chameleon in the comics N/A Aleksei Kravinoff
2%
No matching quizzes found
Score Distribution
Percent of People with Each Score
Percentile by Number Answered
Your Score History
You have not taken this quiz